000 01065nam a2200241 a 4500
001 000029540
005 20240229073937.0
008 110418t1940 dr c r 000 0 spa d
040 _aDO-SdBNP
_bspa
_cBNPHU
082 _aF-RD 42
100 1 _aPérez Leyba, Salvador
_956384
245 1 3 _aEl generalísimo Trujillo Molina, la convención Dominico-Américana y la política de buen vecino /
_cSalvador A. Pérez Leyba.
260 _aCiudad Trujillo, República Dominicana :
_bPartido Dominicano :
_bImprenta Lístin Diario,
_c[1940].
300 _a47 p. ;
_c22 cm.
590 _aInventariado, 2018/LP
600 1 0 _aTrujillo Molina, Rafael Leónidas,
_d 1891-1961
_976764
650 4 _aTratados comerciales
_zRepública Dominicana
_912395
650 4 _aNegociaciones comerciales
_99612
651 4 _aRepública Dominicana
_xComercio
_zEstados Unidos
_916829
651 4 _aEstados Unidos
_xComercio
_zRepública Dominicana
_916830
651 4 _aRepública Dominicana
_xPolítica Y Gobierno
_yERA DE TRUJILLO, 1930-1961
_91374
910 _aValidado. Control de calidad. EMS
999 _c29032
_d29032